Digitálna agenda pre Európu a SR

Digitálna agenda pre Európu je jednou zo siedmich hlavných iniciatív stratégie „Európa 2020“, cieľom ktorej je prekonávanie dôsledkov krízy a zabezpečenie hospodárskeho rastu v krajinách EÚ najmä prostredníctvom využívania IKT. Zameriava sa na sedem prioritných oblastí, ktoré patria k najvýznamnejší...

ver descrição completa

Na minha lista:
Detalhes bibliográficos
Autor principal: Fabová, Ľudmila
Formato: Capítulo de Livro
Idioma:eslovaco
Assuntos:
Tags: Adicionar Tag
Sem tags, seja o primeiro a adicionar uma tag!

MARC

LEADER 00000naa a2200000 4500
001 0195372
005 20220715093615.3
041 0 |a slo 
044 |a SK 
245 1 0 |a Digitálna agenda pre Európu a SR  |c Ľudmila Fabová 
520 |a Digitálna agenda pre Európu je jednou zo siedmich hlavných iniciatív stratégie „Európa 2020“, cieľom ktorej je prekonávanie dôsledkov krízy a zabezpečenie hospodárskeho rastu v krajinách EÚ najmä prostredníctvom využívania IKT. Zameriava sa na sedem prioritných oblastí, ktoré patria k najvýznamnejším prekážkam, brániacim vo väčšej miere využívať potenciál IKT. Vytýčené ciele sa majú dosiahnuť najmä zvýšením investícií do informačných a komunikačných technológií, zlepšením úrovne elektronických zručností pracovných síl a reformovaním rámcových podmienok internetového hospodárstva. 
610 2 0 |a technológie informačné 
610 2 0 |a technológie komunikačné 
610 2 0 |a zručnosti 
610 2 0 |a ekonomika znalostná 
610 2 0 |a internet 
610 2 0 |a Európa 
610 2 0 |a Slovensko 
100 1 |a Fabová, Ľudmila